[Event "SWE-chT 1920 Superettan"]
[Site "Sweden"]
[Date "2019.10.18"]
[Round "1"]
[White "Gamback, Bjorn"]
[Black "Laith, Kasib"]
[Result "1/2-1/2"]
[WhiteElo "2130"]
[BlackElo "2056"]
[PlyCount "63"]
[EventDate "2019.10.18"]
[EventType "team-tourn"]
[EventRounds "9"]
[EventCountry "SWE"]
[SourceTitle "EXT 2023"]
[Source "ChessBase"]
[SourceDate "2022.10.05"]
[SourceVersion "1"]
[SourceVersionDate "2022.10.05"]
[SourceQuality "1"]
[WhiteTeam "Kristallen"]
[BlackTeam "Kamraterna"]
[WhiteTeamCountry "SWE"]
[BlackTeamCountry "SWE"]

1. e4 c6 2. d4 d5 3. exd5 cxd5 4. c4 Nf6 5. cxd5 Nxd5 6. Nc3 e6 7. Nf3 Be7 8. Bd3 Nc6 9. 0-0 0-0 10. Be3 Bf6 11. Ne4 Be7 12. Rc1 Ncb4 13. Bb1 Nxe3 14. fxe3 b6 15. Ne5 Bb7 16. a3 Nd5 17. Qd3 f5 18. Ng3 Bg5 19. Rce1 a5 20. Rf3 Ba6 21. Qb3 a4 22. Qc2 Nxe3 23. Rfxe3 Bxe3+ 24. Rxe3 Qxd4 25. Qc3 Rad8 26. Ba2 f4 27. Bxe6+ Kh8 28. Qxd4 Rxd4 29. Rf3 Rf6 30. Nf7+ Rxf7 31. Bxf7 fxg3 32. hxg3 1/2-1/2

[Event "Plomari op 1st"]
[Site "Plomari"]
[Date "2019.07.23"]
[Round "7"]
[White "Gamback, Bjorn"]
[Black "Lamprou, Dimitrios"]
[Result "1-0"]
[WhiteElo "2156"]
[BlackElo "1142"]
[PlyCount "59"]
[EventDate "2019.07.18"]
[EventType "swiss"]
[EventRounds "9"]
[EventCountry "GRE"]
[SourceTitle "EXT 2020"]
[Source "ChessBase"]
[SourceDate "2019.10.17"]
[SourceVersion "1"]
[SourceVersionDate "2019.10.17"]
[SourceQuality "1"]

1. c4 c5 2. g3 Nf6 3. Bg2 g6 4. b3 Bg7 5. Bb2 0-0 6. e3 Nc6 7. Ne2 e5 8. Nbc3 Re8 9. d3 a6 10. 0-0 b6 11. Qd2 Bb7 12. Ne4 d6 13. N2c3 Qc7 14. Nxf6+ Bxf6 15. Nd5 Qd8 16. Nxf6+ Qxf6 17. f4 Qg7 18. fxe5 dxe5 19. Bd5 Nd8 20. e4 h6 21. b4 Re7 22. bxc5 Bxd5 23. exd5 bxc5 24. Qa5 Nb7 25. Qb6 f5 26. Rae1 Rb8 27. Rf2 Rbe8 28. Qxa6 g5 29. Rxf5 Qh7 30. Ref1 1-0

[Event "Aegean op 41st"]
[Site "Aghios Kirykos"]
[Date "2018.07.17"]
[Round "2"]
[White "Gamback, Bjorn"]
[Black "Nikolaidis, Ioannis"]
[Result "0-1"]
[WhiteElo "2108"]
[BlackElo "2548"]
[PlyCount "94"]
[EventDate "2018.07.16"]
[EventType "swiss"]
[EventRounds "9"]
[EventCountry "GRE"]
[SourceTitle "CBM 186 Extra"]
[Source "ChessBase"]
[SourceDate "2018.08.24"]
[SourceVersion "1"]
[SourceVersionDate "2018.08.24"]
[SourceQuality "1"]

1. Nf3 c5 2. c4 Nc6 3. b3 e5 4. d3 g6 5. Bb2 Bg7 6. Nbd2 Nge7 7. e3 0-0 8. a3 b6 9. Qc2 Bb7 10. Be2 d5 11. cxd5 Nxd5 12. Rc1 Qe7 13. Qb1 Rad8 14. 0-0 g5 15. Ne1 f5 16. Nc2 g4 17. Qa1 Rd6 18. Rfe1 a5 19. Bf1 Rh6 20. g3 f4 21. e4 Nc7 22. b4 Qf7 23. Re2 Qh5 24. h4 f3 25. Ree1 Bf6 26. Ne3 Bxh4 27. Nxg4 Qxg4 28. Bxe5 Nxe5 29. Qxe5 Bxg3 30. Qxg3 Qxg3+ 31. fxg3 f2+ 32. Kg2 fxe1N+ 33. Rxe1 Rhf6 34. Be2 Rf2+ 35. Kg1 axb4 36. axb4 Ne6 37. Nc4 Nd4 38. Bd1 cxb4 39. Nd6 b3 40. Nf5 R2xf5 41. exf5 b2 42. Bh5 Bf3 43. g4 Ne2+ 44. Kf2 Nc1 45. Re7 Nxd3+ 46. Kxf3 b1Q 47. Bf7+ Rxf7 0-1

[Event "SWE-chT 1718 Superettan"]
[Site "Sweden"]
[Date "2018.03.18"]
[Round "9"]
[White "Gamback, Bjorn"]
[Black "Madebrink, Lars"]
[Result "0-1"]
[WhiteElo "2157"]
[BlackElo "2172"]
[PlyCount "148"]
[EventDate "2017.10.20"]
[EventType "team-tourn"]
[EventRounds "9"]
[EventCountry "SWE"]
[SourceTitle "EXT 2019"]
[Source "ChessBase"]
[SourceDate "2018.10.10"]
[SourceVersion "1"]
[SourceVersionDate "2018.10.10"]
[SourceQuality "1"]
[WhiteTeam "Kristallens"]
[BlackTeam "Kamraterna"]
[WhiteTeamCountry "SWE"]
[BlackTeamCountry "SWE"]

1. Nf3 Nf6 2. c4 g6 3. b4 a5 4. b5 d6 5. d4 Nbd7 6. Bb2 Bg7 7. Qc2 0-0 8. Nbd2 Re8 9. Rd1 e5 10. dxe5 dxe5 11. e4 Qe7 12. Be2 Nh5 13. 0-0 Nf4 14. Rfe1 Nc5 15. Ba3 a4 16. Nf1 Bf8 17. Ne3 c6 18. Bf1 Qf6 19. Bb2 Nh3+ 20. gxh3 Qxf3 21. Bg2 Qh5 22. bxc6 bxc6 23. Qe2 Qxe2 24. Rxe2 a3 25. Ba1 f6 26. f3 Kf7 27. Bf1 Ne6 28. Ng4 Bc5+ 29. Kh1 Nf4 30. Rc2 h5 31. Nf2 Be6 32. Bc3 Red8 33. Rb1 Rab8 34. Re1 Rb7 35. h4 Rdb8 36. Nd3 Nxd3 37. Bxd3 Rb1 38. Rce2 Rxe1+ 39. Rxe1 Ke7 40. Rc1 Kd6 41. Kg2 Be3 42. Rc2 Kc5 43. Kf1 Bd4 44. Rc1 Be3 45. Rc2 Rb1+ 46. Ke2 Bf4 47. Be1 Rb2 48. Bf2+ Kd6 49. Kd1 Rb1+ 50. Ke2 Rh1 51. Bg3 Ra1 52. Bxf4 exf4 53. Kd2 g5 54. hxg5 fxg5 55. Kc3 Kc5 56. Rf2 Re1 57. Be2 Rc1+ 58. Kb3 Kd4 59. Rf1 Rc3+ 60. Kb4 c5+ 61. Kb5 Ke3 62. Rg1 Kxe2 63. Rxg5 Bxc4+ 64. Kxc5 Bxa2+ 65. Kb4 Rb3+ 66. Ka4 Rxf3 67. Rxh5 Bc4 68. Kb4 a2 69. Ra5 Rf1 70. Kxc4 a1Q 71. Rxa1 Rxa1 72. e5 f3 73. e6 f2 74. e7 Ra8 0-1

[Event "Ambelokipi op 154th"]
[Site "Athens"]
[Date "2015.06.29"]
[Round "1"]
[White "Gamback, Bjorn"]
[Black "Batsolakis, Georgios"]
[Result "1-0"]
[WhiteElo "2139"]
[BlackElo "1532"]
[PlyCount "113"]
[EventDate "2015.06.29"]
[EventType "swiss"]
[EventRounds "7"]
[EventCountry "GRE"]
[SourceTitle "EXT 2024"]
[Source "ChessBase"]
[SourceDate "2023.10.10"]
[SourceVersion "1"]
[SourceVersionDate "2023.10.10"]
[SourceQuality "1"]

1. d4 d5 2. c4 c6 3. Nf3 Nf6 4. cxd5 cxd5 5. Bg5 Bf5 6. e3 e6 7. Bb5+ Nc6 8. 0-0 Be7 9. Ne5 Qc7 10. Qa4 0-0 11. Rc1 Qd8 12. Bxc6 bxc6 13. Nxc6 Qd7 14. Nxe7+ Qxe7 15. Nd2 Qd7 16. Qxd7 Nxd7 17. Rc7 Nb6 18. Rac1 Rfc8 19. f3 f6 20. Bf4 Rxc7 21. Rxc7 Rc8 22. e4 Rxc7 23. Bxc7 Bg6 24. b3 Kf7 25. Kf2 Ke7 26. Ke3 Kd7 27. Bxb6 axb6 28. Nb1 e5 29. Nc3 dxe4 30. fxe4 Kd6 31. b4 f5 32. a4 fxe4 33. dxe5+ Kxe5 34. a5 bxa5 35. bxa5 Be8 36. a6 Bc6 37. a7 Kd6 38. Nb5+ Kd7 39. g3 Kc8 40. Nd6+ Kc7 41. Ne8+ Kb7 42. Nxg7 Kxa7 43. Nh5 Be8 44. Nf6 Bg6 45. Nxe4 Kb7 46. Kf4 Kc6 47. h4 Kd7 48. g4 h5 49. Nf6+ Ke7 50. Kg5 Kf7 51. Nxh5 Bc2 52. Ng3 Kg7 53. Nf5+ Kh7 54. Kf6 Kh8 55. g5 Kh7 56. g6+ Kg8 57. Ne7+ 1-0

[Event "Wch Seniors 50 24th"]
[Site "Katerini"]
[Date "2014.10.27"]
[Round "4"]
[White "Frick, Christoph"]
[Black "Gamback, Bjorn"]
[Result "1/2-1/2"]
[WhiteElo "2241"]
[BlackElo "2109"]
[PlyCount "34"]
[EventDate "2014.10.24"]
[EventType "swiss"]
[EventRounds "11"]
[EventCountry "GRE"]
[SourceTitle "EXT 2015"]
[Source "ChessBase"]
[SourceDate "2014.11.20"]
[SourceVersion "1"]
[SourceVersionDate "2014.11.20"]
[SourceQuality "1"]

1. d4 Nf6 2. Nf3 e6 3. e3 c5 4. Bd3 d5 5. c3 Be7 6. 0-0 Nbd7 7. Nbd2 0-0 8. Qe2 b6 9. e4 dxe4 10. Nxe4 Bb7 11. Rd1 Qc7 12. Bg5 Rfe8 13. Rd2 cxd4 14. cxd4 Nxe4 15. Bxe4 Bxe4 16. Qxe4 Bxg5 17. Nxg5 Nf6 1/2-1/2

[Event "Ambelokipi op 148th"]
[Site "Athens"]
[Date "2014.10.22"]
[Round "6"]
[White "Gamback, Bjorn"]
[Black "Sideris, Theodoros"]
[Result "1-0"]
[WhiteElo "2109"]
[BlackElo "1915"]
[PlyCount "103"]
[EventDate "2014.09.17"]
[EventType "swiss"]
[EventRounds "7"]
[EventCountry "GRE"]
[SourceTitle "EXT 2016"]
[Source "ChessBase"]
[SourceDate "2015.10.08"]
[SourceVersion "1"]
[SourceVersionDate "2015.10.08"]
[SourceQuality "1"]

1. d4 Nf6 2. c4 c5 3. d5 b5 4. cxb5 a6 5. bxa6 Bxa6 6. Nc3 g6 7. Nf3 Bg7 8. e4 Bxf1 9. Kxf1 d6 10. g3 Qc8 11. Kg2 h5 12. h4 Ng4 13. Qe2 Na6 14. Be3 0-0 15. Rhe1 Qb7 16. Rab1 Nc7 17. Bg5 Rfe8 18. Nd2 Ne5 19. a3 e6 20. dxe6 Nxe6 21. Be3 Ng4 22. Nc4 Nxe3+ 23. Qxe3 Qa6 24. Qd3 Rab8 25. Nd5 Bd4 26. b3 Rb7 27. e5 Kh8 28. exd6 Qc6 29. Qf3 Ra7 30. a4 Kg7 31. Ndb6 Qxf3+ 32. Kxf3 Bc3 33. Re3 Bf6 34. Rbe1 Rd8 35. Kg2 Nd4 36. Rd3 Nf5 37. d7 Bd4 38. a5 Kf8 39. f4 Kg7 40. Kf3 Kf8 41. Re4 Rdxd7 42. Nxd7+ Rxd7 43. Ne5 Ra7 44. Nc4 Bf6 45. Kg2 Bd4 46. b4 Rb7 47. Nb6 Ra7 48. bxc5 Rxa5 49. Rexd4 Nxd4 50. Rxd4 Ke7 51. c6 Rc5 52. c7 1-0